| 000 | 00731nam a2200217 a 4500 | ||
|---|---|---|---|
| 005 | 20220811130700.0 | ||
| 008 | 150601s2014 mx r 000 0 spa d | ||
| 020 | _a9786079294571 | ||
| 035 | _aUPN01000203927 | ||
| 049 | _aCG | ||
| 050 | 4 |
_aHT384 M6 _bO7.7 |
|
| 245 | 0 | 4 |
_aLas otras ciudades mexicanas : _bprocesos de urbanización olvidados / _ccoord. Martín M. Checa-Artasu. |
| 260 |
_aMéxico : _bInstituto Mora : _bCONACYT, _c2014. |
||
| 300 |
_a251 p. : _bmapas, gráfs., il. |
||
| 440 | 0 | _aHistoria urbana y regional | |
| 650 | 4 |
_aURBANIZACION - _zMEXICO - _xHISTORIA _924050 |
|
| 650 | 4 |
_aCiudades y pueblos _zMéxico _xHistoria _98038 |
|
| 700 | 1 |
_aCheca-Artasu, Martín M., _ecoord. |
|
| 905 | _aLibro | ||
| 999 |
_c176028 _d176028 |
||